• 首页
  • 本馆介绍
  • 公告通知
  • 最新文献
  • 馆藏检索
  • 电子资源
  • 读者导购
  • 参考咨询
  • 我的图书馆
  • 登录
  • 详细信息显示
  • 放入我的书架
  • 预约/预借图书
  • 作者相关作品
  • 分类相关作品
  • 丛书相关作品
  • 出版社相关作品

书目信息

  • 表格格式
  • 工作单格式
  • 卡片格式
题名:
中、低水平放射性废物处理与处置
    
 
作者: 贾铭椿, 主编
分册:  
出版信息: 北京   中国原子能出版社  2021.04
页数: 348页
开本: 26cm
丛书名:
单 册:
中图分类: TL941 , TL942
科图分类:
主题词: 放射性废物处理--fang she xing fei wu chu li , 放射性废物处置--fang she xing fei wu chu zhi
电子资源:
ISBN: 978-7-5221-1331-9
000 01275nam0 2200277 450
001 CAL 010551626
005 20230217093113.0
010    @a978-7-5221-1331-9@dCNY90.00
100    @a20211020d2021 em y0chiy0120 ea
101 0  @achi
102    @aCN@b110000
105    @aa a 000yy
106    @ar
200 1  @a中、低水平放射性废物处理与处置@Azhong 、 di shui ping fang she xing fei wu chu li yu chu zhi@f主编贾铭椿
210    @a北京@c中国原子能出版社@d2021.04
215    @a348页@c图@d26cm
300    @a海军工程大学百部精品教材出版工程
320    @a有书目 (第344-348页)
330    @a本书主要介绍中、低水平放射性废物的处理与处置领域的相关内容, 主要包括放射性废物的来源、分类与管理原则, 放射性废水的化学处理, 放射性废水的蒸发处理, 放射性废水的离子交换处理, 放射性废水的膜法处理, 放射性气载废物的处理, 放射性废物的固化与固定, 放射性固体废物的整备与处理, 中、低水平放射性废物的暂存与处置, 放射性废物最小化的措施等内容, 基本上涵盖了核电站中、低水平放射性废物处理与处置工作的大部分内容。
606 0  @a放射性废物处理@Afang she xing fei wu chu li
606 0  @a放射性废物处置@Afang she xing fei wu chu zhi
690    @aTL941@v5
690    @aTL942@v5
701  0 @a贾铭椿,@Ajia ming chun@f1961-@4主编
801  0 @aCN@bBJXHZP@c20230228
905    @b1386276-9@dTL941@e40@f4
    
    中、低水平放射性废物处理与处置/主编贾铭椿.-北京:中国原子能出版社,2021.04
    348页:图;26cm
    海军工程大学百部精品教材出版工程
    
    ISBN 978-7-5221-1331-9:CNY90.00
    本书主要介绍中、低水平放射性废物的处理与处置领域的相关内容, 主要包括放射性废物的来源、分类与管理原则, 放射性废水的化学处理, 放射性废水的蒸发处理, 放射性废水的离子交换处理, 放射性废水的膜法处理, 放射性气载废物的处理, 放射性废物的固化与固定, 放射性固体废物的整备与处理, 中、低水平放射性废物的暂存与处置, 放射性废物最小化的措施等内容, 基本上涵盖了核电站中、低水平放射性废物处理与处置工作的大部分内容。
●
相关链接 在E读中查询图书 在五车中查询图书 在当当中查询图书 在豆瓣中查询图书


正题名:中、低水平放射性废物处理与处置     索取号:TL941/40         预约/预借

序号 登录号 条形码 馆藏地/架位号 状态 备注
1 1386276   213862765   第二样本阅览室/ [索取号:TL941/40] 在馆    
2 1386277   213862774   第三借阅区/ [索取号:TL941/40] 在馆    
3 1386278   213862783   第三借阅区/ [索取号:TL941/40] 在馆    
4 1386279   213862792   第三借阅区/ [索取号:TL941/40] 在馆    
唐山师范学院图书馆 欢迎您!
大连网信软件有限公司© 版权所有